000 00878nam a2200289Ia 4500
003 OSt
005 20220912150414.0
006 a|||||r|||| 00| 0
007 ta
008 220909b |||||||| |||| 00| 0 eng d
020 _a0824789660 (New York:hbd)
024 _a6787
037 _bShankar,
037 _cTextual
040 _aCSL
_beng
_cCSL
041 _aeng
082 _aB2810b8K, P0
100 _aGarvey Paul R
245 0 _aProbability methods for cost uncertainty analysis: a systems engineering perspective
260 _aNew York Marcel Dekker, Inc
_c2000
300 _axv,401p.
_ccm.
500 _aIncludes bibliographical references; Appendix A-C 345-371p; Index 373-401p
650 _a Probability irt Cost analysis
650 _aStatistics
942 _hB2810b8K, P0
_cTEXL
_2CC
999 _c46825
_d46825